All-Star Team Mondiali 2010 - Statistics

Statistiche generali
  • Questo quiz è stato fatto 59 volte
  • Il punteggio medio è 8 su 11
Statistiche sulle risposte
Ruolo Nazione Calciatore % Corretto
Portiere Spagna Iker Casillas
94%
Centrocampista Spagna Andrés Iniesta
90%
Centrocampista Spagna Xavi
88%
Attaccante Spagna David Villa
86%
Attaccante Uruguay Diego Forlán
82%
Difensore Spagna Sergio Ramos
82%
Difensore Spagna Carles Puyol
80%
Difensore Germania Philipp Lahm
76%
Centrocampista Paesi Bassi Wesley Sneijder
68%
Centrocampista Germania Bastian Schweinsteiger
48%
Difensore Brasile Maicon
36%
Nessun quiz corrispondente trovato
Distribuzione punteggi
Percentuale di utenti per punteggio
Percentile per numero di risposta
I tuoi punteggi nel tempo
Non hai fatto questo quiz